000167445 001__ 167445
000167445 005__ 20260121151437.0
000167445 037__ $$aTAZ-TFG-2025-598
000167445 041__ $$aspa
000167445 1001_ $$aFerrer Onco, Ashley
000167445 24200 $$aBeyond tics: Nursing intervention program for Tourette syndrome at school age
000167445 24500 $$aMás allá de los tics: Programa de educación de enfermería para el síndrome de Tourette en edad escolar
000167445 260__ $$aZaragoza$$bUniversidad de Zaragoza$$c2025
000167445 506__ $$aby-nc-sa$$bCreative Commons$$c3.0$$uhttp://creativecommons.org/licenses/by-nc-sa/3.0/
000167445 520__ $$aIntroducción: El síndrome de Tourette (ST) es un síndrome del desarrollo neurológico <br />caracterizado por presentar múltiples tics tanto motores como vocales, generalmente <br />precedidos por una sensación conocida como impulso premonitorio. Los niños con ST sufren <br />de acoso y estigma social, que junto a tener que superar los continuos desafíos en el aula y <br />derivados de las interacciones sociales, les generan estrés, falta de autoestima y <br />empeoramiento de sus tics. Por ello, los profesionales de enfermería juegan un papel muy <br />importante en la educación de estos niños. <br />Objetivo Principal: Elaborar un Programa de Educación para la Salud dirigido a niños con <br />síndrome de Tourette, a sus cuidadores principales y profesores, con el objetivo de mejorar su <br />calidad de vida, y liderado por enfermeras del Hospital Materno-Infantil Miguel Servet. <br />Metodología: Se realizó una búsqueda bibliográfica en distintas bases de datos y páginas webs <br />para ampliar los conocimientos acerca del ST y su abordaje, para posteriormente elaborar un <br />Programa de Educación para la salud. <br />Conclusión: La falta de conocimientos acerca del ST y las repercusiones que tiene sobre los <br />niños que lo padecen, hacen necesaria la creación de este programa de educación con el fin de <br />implementar el control sobre los tics y su calidad de vida. Además, los profesionales de <br />enfermería jugarán un importante papel en el desarrollo del programa, proveyendo <br />información y apoyo a los participantes. <br /> <br /><br />
000167445 521__ $$aGraduado en Enfermería
000167445 540__ $$aDerechos regulados por licencia Creative Commons
000167445 691__ $$a3 4
000167445 692__ $$aLa aportación sobre estos objetivos es que el programa busca mejorar la calidad de vida de los niños con Síndrome de Tourette, así como crear un entorno más seguro e inclusivo para ellos en las escuelas.
000167445 700__ $$aBenito Ruiz, Eva$$edir.
000167445 7102_ $$aUniversidad de Zaragoza$$bFisiatría y Enfermería$$cEnfermería
000167445 8560_ $$f846007@celes.unizar.es
000167445 8564_ $$s2449712$$uhttps://zaguan.unizar.es/record/167445/files/TAZ-TFG-2025-598.pdf$$yMemoria (spa)
000167445 909CO $$ooai:zaguan.unizar.es:167445$$pdriver$$ptrabajos-fin-grado
000167445 950__ $$a
000167445 951__ $$adeposita:2026-01-21
000167445 980__ $$aTAZ$$bTFG$$cEUCS
000167445 999__ $$a20250511214403.CREATION_DATE